000 00631nam a2200229Ia 4500
003 OSt
005 20221007065021.0
006 a|||||r|||| 00| 0
007 ta
008 221006b |||||||| |||| 00| 0 eng d
024 _a19,715
037 _cTextual
040 _aFLL
_cFLL
_beng
041 _2eng
_aeng
082 _aV1N4:1963(zQ), L8
100 _aSaxena S.C. Au.
_9686549
245 0 _aNamibia challenge to the United Nations
260 _aDelhi
_bSundeep Prakashan India
_c1978
300 _a316p
_ccm.
942 _hV1N4:1963(zQ), L8
_cTEXL
_2CC
999 _c1136035
_d1136035